Normal view
MARC view
- Restagno Enzo
Entry Personal Name
001 - CONTROL NUMBER
- control field: 5024
003 - CONTROL NUMBER IDENTIFIER
- control field: IT-RoPau
005 - DATE AND TIME OF LATEST TRANSACTION
- control field: 20131202173349.0
008 - FIXED-LENGTH DATA ELEMENTS
- fixed length control field: 131202|| aca||aabn | a|a d
040 ## - CATALOGING SOURCE
- Original cataloging agency: IT-RoPau
- Transcribing agency: IT-RoPau
100 ## - HEADING--PERSONAL NAME
- Personal name: Restagno Enzo
- Relator term: Autore
- Miscellaneous information: Codice autore SPICS: 11113
670 ## - SOURCE DATA FOUND
- Source citation: Work cat.: (IT-RoPau)99131: AA.VV. 794, Biennale musica 22-Venezia 1981: dopo l'avanguardia